[Event "45th FIDE Chess Olympiad Open"]
[Site "Budapest, Hungary"]
[Date "2024.09.21"]
[Round "10"]
[White "Mariano, Fabian Glen"]
[Black "Ribera Veganzones, Josep Maria"]
[Result "1/2-1/2"]
[Board "160"]
[WhiteFideId "7129041"]
[BlackFideId "6900763"]
[WhiteTitle "CM"]
[BlackTitle "CM"]
[WhiteElo "2121"]
[BlackElo "2167"]
[WhiteTeam "Indonesia"]
[BlackTeam "Andorra"]
[WhiteClock "0:31:43"]
[BlackClock "0:01:40"]
[Variant "Standard"]

1. e4 {[%clk 1:30:58]}  c5 {[%clk 1:30:49]} 2. Nf3 {[%clk 1:31:21]}  d6 {[%clk 1:31:08]} 3. Bb5+ {[%clk 1:31:43]}  Nd7 {[%clk 1:31:13]} 4. c3 {[%clk 1:32:05]}  a6 {[%clk 1:30:26]} 5. Ba4 {[%clk 1:32:20]}  Ngf6 {[%clk 1:28:07]} 6. Bc2 {[%clk 1:31:28]}  b5 {[%clk 1:24:29]} 7. O-O {[%clk 1:30:17]}  Bb7 {[%clk 1:23:38]} 8. Qe2 {[%clk 1:30:40]}  e6 {[%clk 1:22:38]} 9. d4 {[%clk 1:30:43]}  Be7 {[%clk 1:21:04]} 10. e5 {[%clk 1:20:13]}  Bxf3 {[%clk 1:01:17]} 11. gxf3 {[%clk 1:20:39]}  dxe5 {[%clk 0:59:04]} 12. dxe5 {[%clk 1:21:01]}  Nd5 {[%clk 0:53:43]} 13. f4 {[%clk 1:11:29]}  g6 {[%clk 0:49:00]} 14. c4 {[%clk 1:11:37]}  bxc4 {[%clk 0:48:33]} 15. Qxc4 {[%clk 1:10:07]}  O-O {[%clk 0:47:50]} 16. Nc3 {[%clk 1:10:16]}  N7b6 {[%clk 0:47:46]} 17. Qe2 {[%clk 1:10:16]}  Qc7 {[%clk 0:44:24]} 18. Nxd5 {[%clk 1:05:38]}  Nxd5 {[%clk 0:44:22]} 19. Be4 {[%clk 1:04:49]}  Rfd8 {[%clk 0:42:05]} 20. Bd2 {[%clk 1:00:34]}  Qb6 {[%clk 0:39:50]} 21. b3 {[%clk 0:58:35]}  Rac8 {[%clk 0:37:41]} 22. Rac1 {[%clk 0:58:32]}  Qb5 {[%clk 0:37:28]} 23. Rfe1 {[%clk 0:40:33]}  Nb4 {[%clk 0:31:42]} 24. Qxb5 {[%clk 0:37:54]}  axb5 {[%clk 0:32:00]} 25. Bxb4 {[%clk 0:38:21]}  cxb4 {[%clk 0:32:10]} 26. Rxc8 {[%clk 0:38:45]}  Rxc8 {[%clk 0:32:31]} 27. Rd1 {[%clk 0:38:37]}  Rc7 {[%clk 0:29:31]} 28. Kg2 {[%clk 0:37:19]}  Kg7 {[%clk 0:29:31]} 29. Bd3 {[%clk 0:36:09]}  Rc5 {[%clk 0:28:12]} 30. Be4 {[%clk 0:35:59]}  g5 {[%clk 0:24:46]} 31. Kf3 {[%clk 0:29:36]}  h6 {[%clk 0:23:30]} 32. Bd3 {[%clk 0:27:48]}  Kf8 {[%clk 0:20:46]} 33. fxg5 {[%clk 0:26:24]}  Rxe5 {[%clk 0:17:12]} 34. gxh6 {[%clk 0:26:09]}  Rh5 {[%clk 0:17:35]} 35. h7 {[%clk 0:26:20]}  f5 {[%clk 0:16:45]} 36. Re1 {[%clk 0:23:58]}  Kf7 {[%clk 0:16:43]} 37. Bxb5 {[%clk 0:23:52]}  Rxh7 {[%clk 0:16:12]} 38. Bc4 {[%clk 0:24:05]}  Rh6 {[%clk 0:16:33]} 39. Re5 {[%clk 0:21:31]}  Rf6 {[%clk 0:15:28]} 40. h4 {[%clk 0:20:40]}  Bd6 {[%clk 0:15:11]} 41. Ra5 {[%clk 0:19:55]}  Kg6 {[%clk 0:14:02]} 42. Ra6 {[%clk 0:17:32]}  e5 {[%clk 0:13:46]} 43. Ke2 {[%clk 0:17:53]}  Kh5 {[%clk 0:13:11]} 44. Bd3 {[%clk 0:16:10]}  e4 {[%clk 0:10:37]} 45. Bc2 {[%clk 0:16:07]}  Kg4 {[%clk 0:27:36]} 46. Rc6 {[%clk 0:46:18]}  Rh6 {[%clk 0:25:38]} 47. h5 {[%clk 0:44:14]}  Kf4 {[%clk 0:16:59]} 48. Kf1 {[%clk 0:42:52]}  Ke5 {[%clk 0:16:54]} 49. Bd1 {[%clk 0:43:15]}  f4 {[%clk 0:16:38]} 50. Rc4 {[%clk 0:37:24]}  f3 {[%clk 0:08:26]} 51. Bc2 {[%clk 0:37:42]}  Rxh5 {[%clk 0:08:40]} 52. Rxe4+ {[%clk 0:38:06]}  Kd5 {[%clk 0:08:44]} 53. Kg1 {[%clk 0:31:33]}  Rg5+ {[%clk 0:08:27]} 54. Kf1 {[%clk 0:31:14]}  Rh5 {[%clk 0:03:35]} 55. Kg1 {[%clk 0:31:21]}  Rg5+ {[%clk 0:02:42]} 56. Kf1 {[%clk 0:31:43]}  Rh5 {[%clk 0:01:40]} 1/2-1/2

[Event "45th FIDE Chess Olympiad Open"]
[Site "Budapest, Hungary"]
[Date "2024.09.21"]
[Round "10"]
[White "Lazov, Toni"]
[Black "Bai, Adelard"]
[Result "1-0"]
[Board "161"]
[WhiteFideId "15000770"]
[BlackFideId "16301188"]
[WhiteTitle "IM"]
[BlackTitle "IM"]
[WhiteElo "2360"]
[BlackElo "2378"]
[WhiteTeam "North Macedonia"]
[BlackTeam "Chinese Taipei"]
[WhiteClock "0:03:01"]
[BlackClock "0:00:31"]
[Variant "Standard"]

1. e4 {[%clk 1:30:56]}  e5 {[%clk 1:30:48]} 2. Nf3 {[%clk 1:31:13]}  Nc6 {[%clk 1:31:05]} 3. Bc4 {[%clk 1:31:33]}  Nf6 {[%clk 1:31:16]} 4. d3 {[%clk 1:31:54]}  d5 {[%clk 1:31:08]} 5. exd5 {[%clk 1:30:46]}  Nxd5 {[%clk 1:28:14]} 6. O-O {[%clk 1:30:12]}  Nb6 {[%clk 1:27:13]} 7. Bb5 {[%clk 1:29:41]}  Bd6 {[%clk 1:27:20]} 8. Nxe5 {[%clk 1:25:27]}  Bxe5 {[%clk 1:27:21]} 9. Bxc6+ {[%clk 1:25:45]}  bxc6 {[%clk 1:27:46]} 10. Re1 {[%clk 1:26:09]}  Qe7 {[%clk 1:28:09]} 11. Kh1 {[%clk 1:25:07]}  Bb7 {[%clk 1:26:43]} 12. f4 {[%clk 1:23:04]}  O-O-O {[%clk 1:26:30]} 13. Nc3 {[%clk 1:03:51]}  c5 {[%clk 1:18:15]} 14. Rxe5 {[%clk 0:57:57]}  Qh4 {[%clk 1:14:51]} 15. Qe2 {[%clk 0:50:40]}  Nd7 {[%clk 1:02:41]} 16. Rh5 {[%clk 0:47:54]}  Qf6 {[%clk 1:02:10]} 17. Be3 {[%clk 0:48:00]}  Rhe8 {[%clk 0:52:51]} 18. Qf2 {[%clk 0:39:24]}  Qe6 {[%clk 0:31:44]} 19. Bxc5 {[%clk 0:37:53]}  Nf6 {[%clk 0:26:16]} 20. f5 {[%clk 0:23:11]}  Qc6 {[%clk 0:19:27]} 21. Rg5 {[%clk 0:20:22]}  h5 {[%clk 0:14:41]} 22. h3 {[%clk 0:18:55]}  Ng4 {[%clk 0:06:03]} 23. hxg4 {[%clk 0:15:02]}  hxg4 {[%clk 0:06:27]} 24. Kg1 {[%clk 0:12:11]}  Rh8 {[%clk 0:03:23]} 25. f6 {[%clk 0:10:22]}  gxf6 {[%clk 0:03:22]} 26. Qf5+ {[%clk 0:09:29]}  Kb8 {[%clk 0:02:56]} 27. Rxg4 {[%clk 0:09:58]}  Rh4 {[%clk 0:01:22]} 28. Bxa7+ {[%clk 0:06:49]}  Ka8 {[%clk 0:00:41]} 29. Bf2 {[%clk 0:06:58]}  Rxg4 {[%clk 0:00:31]} 30. Qxg4 {[%clk 0:07:26]}  Kb8 {[%clk 0:00:34]} 31. d4 {[%clk 0:05:38]}  f5 {[%clk 0:00:58]} 32. d5 {[%clk 0:04:59]}  Qd6 {[%clk 0:00:50]} 33. Qd4 {[%clk 0:04:03]}  Rg8 {[%clk 0:01:09]} 34. Re1 {[%clk 0:03:31]}  Qg6 {[%clk 0:01:21]} 35. g3 {[%clk 0:03:53]}  Qh5 {[%clk 0:01:04]} 36. Qa4 {[%clk 0:03:42]}  f6 {[%clk 0:01:17]} 37. Re7 {[%clk 0:03:43]}  Rd8 {[%clk 0:00:31]} 38. Qa5 {[%clk 0:03:01]} 1-0

[Event "45th FIDE Chess Olympiad Open"]
[Site "Budapest, Hungary"]
[Date "2024.09.21"]
[Round "10"]
[White "Song, Raymond"]
[Black "Nikolovski, Nikola"]
[Result "1-0"]
[Board "162"]
[WhiteFideId "3203824"]
[BlackFideId "15002314"]
[WhiteTitle "GM"]
[BlackTitle "IM"]
[WhiteElo "2503"]
[BlackElo "2388"]
[WhiteTeam "Chinese Taipei"]
[BlackTeam "North Macedonia"]
[WhiteClock "0:34:32"]
[BlackClock "0:00:33"]
[Variant "Standard"]

1. d4 {[%clk 1:30:57]}  e6 {[%clk 1:30:52]} 2. Nf3 {[%clk 1:31:07]}  f5 {[%clk 1:30:54]} 3. g3 {[%clk 1:31:14]}  Nf6 {[%clk 1:31:14]} 4. Bg2 {[%clk 1:31:40]}  Be7 {[%clk 1:31:38]} 5. O-O {[%clk 1:32:04]}  O-O {[%clk 1:32:02]} 6. c4 {[%clk 1:32:27]}  d6 {[%clk 1:32:27]} 7. Nc3 {[%clk 1:32:51]}  Ne4 {[%clk 1:32:32]} 8. Nxe4 {[%clk 1:31:34]}  fxe4 {[%clk 1:32:53]} 9. Nd2 {[%clk 1:32:01]}  d5 {[%clk 1:32:56]} 10. f3 {[%clk 1:32:24]}  Nc6 {[%clk 1:33:14]} 11. e3 {[%clk 1:32:38]}  exf3 {[%clk 1:33:03]} 12. Nxf3 {[%clk 1:33:01]}  b6 {[%clk 1:30:42]} 13. Bd2 {[%clk 1:32:56]}  Qd7 {[%clk 1:11:00]} 14. Qc2 {[%clk 1:30:01]}  Bb7 {[%clk 1:08:00]} 15. Rac1 {[%clk 1:29:39]}  Rad8 {[%clk 0:50:08]} 16. a3 {[%clk 1:28:21]}  a5 {[%clk 0:49:24]} 17. Bh3 {[%clk 1:25:34]}  Rf6 {[%clk 0:46:04]} 18. Rf2 {[%clk 1:18:13]}  Rdf8 {[%clk 0:37:18]} 19. Bg2 {[%clk 1:00:44]}  h6 {[%clk 0:34:51]} 20. Be1 {[%clk 0:59:15]}  R6f7 {[%clk 0:28:42]} 21. Qb3 {[%clk 0:53:42]}  Kh8 {[%clk 0:26:16]} 22. c5 {[%clk 0:48:19]}  Bd8 {[%clk 0:23:09]} 23. Qd3 {[%clk 0:47:54]}  Kg8 {[%clk 0:11:36]} 24. b4 {[%clk 0:46:22]}  axb4 {[%clk 0:08:55]} 25. axb4 {[%clk 0:46:49]}  e5 {[%clk 0:08:33]} 26. dxe5 {[%clk 0:44:30]}  bxc5 {[%clk 0:08:15]} 27. bxc5 {[%clk 0:35:33]}  Qe6 {[%clk 0:05:50]} 28. Rb1 {[%clk 0:32:50]}  Ba8 {[%clk 0:05:12]} 29. Bc3 {[%clk 0:33:10]}  Be7 {[%clk 0:03:21]} 30. Bd4 {[%clk 0:33:28]}  Nd8 {[%clk 0:03:21]} 31. Rff1 {[%clk 0:27:00]}  Bb7 {[%clk 0:03:00]} 32. Ra1 {[%clk 0:26:37]}  Bc6 {[%clk 0:02:31]} 33. Ra7 {[%clk 0:21:56]}  Qc8 {[%clk 0:01:58]} 34. Qg6 {[%clk 0:21:03]}  Bd7 {[%clk 0:02:24]} 35. Nd2 {[%clk 0:18:35]}  Rxf1+ {[%clk 0:01:42]} 36. Nxf1 {[%clk 0:18:30]}  Be6 {[%clk 0:00:56]} 37. Ra1 {[%clk 0:16:38]}  Kh8 {[%clk 0:00:36]} 38. Qd3 {[%clk 0:16:04]}  Bf5 {[%clk 0:00:44]} 39. Qb3 {[%clk 0:16:05]}  c6 {[%clk 0:00:38]} 40. Ra7 {[%clk 0:15:53]}  Rf7 {[%clk 0:00:33]} 41. Nd2 {[%clk 0:13:07]}  Qe6 {[%clk 0:20:38]} 42. Bf3 {[%clk 0:41:16]}  Bg4 {[%clk 0:19:11]} 43. Bg2 {[%clk 0:36:58]}  Bh3 {[%clk 0:11:11]} 44. Qd3 {[%clk 0:35:59]}  Bxg2 {[%clk 0:06:22]} 45. Kxg2 {[%clk 0:36:28]}  Qg4 {[%clk 0:06:43]} 46. h3 {[%clk 0:35:27]}  Qe6 {[%clk 0:06:18]} 47. Nf3 {[%clk 0:35:01]}  Kg8 {[%clk 0:05:14]} 48. Ng1 {[%clk 0:34:08]}  Qc8 {[%clk 0:03:51]} 49. Ne2 {[%clk 0:33:36]}  Qb8 {[%clk 0:02:27]} 50. Ra2 {[%clk 0:33:50]}  Ne6 {[%clk 0:01:47]} 51. Nf4 {[%clk 0:34:09]}  Nxc5 {[%clk 0:01:37]} 52. Qg6 {[%clk 0:34:12]}  Qb3 {[%clk 0:00:51]} 53. Ra8+ {[%clk 0:34:14]}  Rf8 {[%clk 0:00:33]} 54. e6 {[%clk 0:34:32]} 1-0

[Event "45th FIDE Chess Olympiad Open"]
[Site "Budapest, Hungary"]
[Date "2024.09.21"]
[Round "10"]
[White "Risteski, Emil"]
[Black "Yang, Ching Wei Austin"]
[Result "1/2-1/2"]
[Board "163"]
[WhiteFideId "15005267"]
[BlackFideId "16300440"]
[WhiteTitle "IM"]
[BlackTitle "FM"]
[WhiteElo "2367"]
[BlackElo "2121"]
[WhiteTeam "North Macedonia"]
[BlackTeam "Chinese Taipei"]
[WhiteClock "0:02:44"]
[BlackClock "0:00:52"]
[Variant "Standard"]

1. c4 {[%clk 1:30:45]}  e5 {[%clk 1:30:51]} 2. Nc3 {[%clk 1:31:09]}  Nf6 {[%clk 1:31:16]} 3. Nf3 {[%clk 1:31:32]}  Nc6 {[%clk 1:31:33]} 4. e3 {[%clk 1:31:45]}  Bb4 {[%clk 1:30:55]} 5. Qc2 {[%clk 1:27:51]}  a5 {[%clk 1:27:42]} 6. d3 {[%clk 1:23:09]}  O-O {[%clk 1:24:38]} 7. Be2 {[%clk 1:23:09]}  d5 {[%clk 1:19:57]} 8. cxd5 {[%clk 1:23:26]}  Nxd5 {[%clk 1:20:13]} 9. O-O {[%clk 1:23:20]}  Bg4 {[%clk 1:16:18]} 10. h3 {[%clk 1:17:15]}  Be6 {[%clk 1:12:42]} 11. Na4 {[%clk 1:03:42]}  h6 {[%clk 1:07:45]} 12. b3 {[%clk 0:58:20]}  Qf6 {[%clk 0:55:18]} 13. Bb2 {[%clk 0:57:22]}  Qg6 {[%clk 0:48:45]} 14. Kh1 {[%clk 0:52:07]}  Rfe8 {[%clk 0:43:01]} 15. Nc5 {[%clk 0:49:31]}  Bxc5 {[%clk 0:38:09]} 16. Qxc5 {[%clk 0:49:56]}  Rad8 {[%clk 0:36:59]} 17. Rfd1 {[%clk 0:47:22]}  Ndb4 {[%clk 0:23:12]} 18. e4 {[%clk 0:44:01]}  b6 {[%clk 0:17:13]} 19. Qc3 {[%clk 0:41:12]}  Bc8 {[%clk 0:15:02]} 20. Bf1 {[%clk 0:34:33]}  Qf6 {[%clk 0:12:37]} 21. a3 {[%clk 0:30:37]}  Na6 {[%clk 0:12:48]} 22. Rac1 {[%clk 0:30:43]}  Nd4 {[%clk 0:12:12]} 23. Nxd4 {[%clk 0:31:01]}  exd4 {[%clk 0:12:09]} 24. Qc2 {[%clk 0:29:20]}  c5 {[%clk 0:09:50]} 25. Rb1 {[%clk 0:29:06]}  Qd6 {[%clk 0:05:55]} 26. Bc1 {[%clk 0:28:18]}  Bb7 {[%clk 0:05:51]} 27. f4 {[%clk 0:28:09]}  f5 {[%clk 0:04:52]} 28. e5 {[%clk 0:28:31]}  Qc6 {[%clk 0:04:37]} 29. Bd2 {[%clk 0:25:38]}  Re6 {[%clk 0:03:59]} 30. Rdc1 {[%clk 0:25:04]}  Rg6 {[%clk 0:03:39]} 31. Be1 {[%clk 0:23:42]}  Nc7 {[%clk 0:02:18]} 32. b4 {[%clk 0:13:30]}  axb4 {[%clk 0:02:22]} 33. axb4 {[%clk 0:13:45]}  Nd5 {[%clk 0:02:40]} 34. Bd2 {[%clk 0:05:47]}  Ne7 {[%clk 0:02:07]} 35. b5 {[%clk 0:04:41]}  Qxg2+ {[%clk 0:01:01]} 36. Bxg2 {[%clk 0:04:55]}  Rxg2 {[%clk 0:01:30]} 37. Qa2+ {[%clk 0:04:56]}  Kh7 {[%clk 0:01:33]} 38. Qa7 {[%clk 0:04:32]}  Bd5 {[%clk 0:01:37]} 39. Qxe7 {[%clk 0:02:18]}  Rg3+ {[%clk 0:00:52]} 40. Kh2 {[%clk 0:02:44]} 1/2-1/2

[Event "45th FIDE Chess Olympiad Open"]
[Site "Budapest, Hungary"]
[Date "2024.09.21"]
[Round "10"]
[White "Wang, Ting-Hao"]
[Black "Zlatkov, Anton"]
[Result "0-1"]
[Board "164"]
[WhiteFideId "16300602"]
[BlackFideId "15005402"]
[BlackTitle "FM"]
[WhiteElo "1842"]
[BlackElo "2346"]
[WhiteTeam "Chinese Taipei"]
[BlackTeam "North Macedonia"]
[WhiteClock "0:27:58"]
[BlackClock "0:52:49"]
[Variant "Standard"]

1. e4 {[%clk 1:30:53]}  c5 {[%clk 1:30:53]} 2. Nf3 {[%clk 1:31:07]}  e6 {[%clk 1:31:13]} 3. g3 {[%clk 1:30:56]}  Nc6 {[%clk 1:31:12]} 4. Bg2 {[%clk 1:31:15]}  Nf6 {[%clk 1:31:22]} 5. Qe2 {[%clk 1:30:27]}  e5 {[%clk 1:31:28]} 6. O-O {[%clk 1:24:53]}  Be7 {[%clk 1:31:55]} 7. c3 {[%clk 1:24:55]}  O-O {[%clk 1:30:54]} 8. Rd1 {[%clk 1:20:37]}  Re8 {[%clk 1:24:18]} 9. d4 {[%clk 1:17:11]}  cxd4 {[%clk 1:15:53]} 10. cxd4 {[%clk 1:17:19]}  exd4 {[%clk 1:12:18]} 11. Nxd4 {[%clk 1:12:54]}  Nxd4 {[%clk 1:11:44]} 12. Rxd4 {[%clk 1:13:17]}  Bc5 {[%clk 1:12:07]} 13. Rd1 {[%clk 1:12:16]}  d5 {[%clk 1:09:15]} 14. Bg5 {[%clk 1:02:02]}  Bg4 {[%clk 1:04:11]} 15. Bf3 {[%clk 1:01:25]}  Qb6 {[%clk 0:46:46]} 16. Bxg4 {[%clk 0:51:37]}  Rxe4 {[%clk 0:46:45]} 17. Qf3 {[%clk 0:43:59]}  Nxg4 {[%clk 0:46:00]} 18. Nc3 {[%clk 0:43:09]}  Nxf2 {[%clk 0:45:42]} 19. Rxd5 {[%clk 0:41:02]}  Nd1+ {[%clk 0:32:09]} 20. Kg2 {[%clk 0:24:43]}  Nxc3 {[%clk 0:32:03]} 21. bxc3 {[%clk 0:24:20]}  Rae8 {[%clk 0:29:06]} 22. Rf1 {[%clk 0:18:11]}  f6 {[%clk 0:26:54]} 23. Bd2 {[%clk 0:15:55]}  Re2+ {[%clk 0:26:44]} 24. Kh1 {[%clk 0:16:04]}  Qe6 {[%clk 0:24:56]} 25. Qf5 {[%clk 0:09:40]}  Qxf5 {[%clk 0:24:09]} 26. Rfxf5 {[%clk 0:09:48]}  Be3 {[%clk 0:24:30]} 27. Bxe3 {[%clk 0:08:45]}  R8xe3 {[%clk 0:24:51]} 28. Ra5 {[%clk 0:02:40]}  Rxc3 {[%clk 0:24:59]} 29. Kg1 {[%clk 0:02:59]}  a6 {[%clk 0:24:38]} 30. Rf2 {[%clk 0:02:57]}  Rxf2 {[%clk 0:24:04]} 31. Kxf2 {[%clk 0:03:24]}  Rc2+ {[%clk 0:24:31]} 32. Kg1 {[%clk 0:03:00]}  Kf7 {[%clk 0:24:29]} 33. Ra3 {[%clk 0:03:02]}  f5 {[%clk 0:19:43]} 34. Rb3 {[%clk 0:03:08]}  b5 {[%clk 0:19:42]} 35. Ra3 {[%clk 0:02:58]}  Rc6 {[%clk 0:19:54]} 36. Kf2 {[%clk 0:03:11]}  Ke6 {[%clk 0:20:02]} 37. Ke3 {[%clk 0:03:10]}  Ke5 {[%clk 0:20:16]} 38. h3 {[%clk 0:02:25]}  g5 {[%clk 0:20:15]} 39. Rd3 {[%clk 0:01:41]}  b4 {[%clk 0:20:18]} 40. Rd2 {[%clk 0:01:04]}  a5 {[%clk 0:20:32]} 41. Kf2 {[%clk 0:01:13]}  a4 {[%clk 0:20:40]} 42. Rb2 {[%clk 0:00:34]}  Rb6 {[%clk 0:21:05]} 43. Ke3 {[%clk 0:00:31]}  b3 {[%clk 0:21:27]} 44. a3 {[%clk 0:28:16]}  Rc6 {[%clk 0:51:49]} 45. Re2 {[%clk 0:27:43]}  Rc3+ {[%clk 0:51:45]} 46. Kd2+ {[%clk 0:28:04]}  Kd4 {[%clk 0:52:12]} 47. Re7 {[%clk 0:28:10]}  Rxg3 {[%clk 0:52:10]} 48. Rxh7 {[%clk 0:27:34]}  Rg2+ {[%clk 0:52:25]} 49. Kc1 {[%clk 0:27:58]}  f4 {[%clk 0:52:49]} 0-1

[Event "45th FIDE Chess Olympiad Open"]
[Site "Budapest, Hungary"]
[Date "2024.09.21"]
[Round "10"]
[White "Saraci, Nderim"]
[Black "Almedina Ortiz, Edgardo J."]
[Result "1-0"]
[Board "165"]
[WhiteFideId "6351921"]
[BlackFideId "3100197"]
[WhiteTitle "IM"]
[BlackTitle "FM"]
[WhiteElo "2446"]
[BlackElo "2196"]
[WhiteTeam "Kosovo"]
[BlackTeam "Puerto Rico"]
[WhiteClock "0:29:26"]
[BlackClock "0:20:14"]
[Variant "Standard"]

1. d4 {[%clk 1:30:56]}  d5 {[%clk 1:30:09]} 2. Nf3 {[%clk 1:31:15]}  Nf6 {[%clk 1:30:27]} 3. Bf4 {[%clk 1:31:32]}  e6 {[%clk 1:30:29]} 4. e3 {[%clk 1:31:52]}  Bd6 {[%clk 1:30:30]} 5. Nbd2 {[%clk 1:32:09]}  O-O {[%clk 1:30:33]} 6. Bg3 {[%clk 1:32:18]}  c5 {[%clk 1:30:56]} 7. c3 {[%clk 1:32:29]}  Qc7 {[%clk 1:29:55]} 8. dxc5 {[%clk 1:23:43]}  Qxc5 {[%clk 1:29:05]} 9. c4 {[%clk 1:24:05]}  Bxg3 {[%clk 1:17:35]} 10. hxg3 {[%clk 1:24:27]}  Nbd7 {[%clk 1:14:30]} 11. Rc1 {[%clk 1:24:34]}  Qe7 {[%clk 1:14:53]} 12. cxd5 {[%clk 1:24:20]}  exd5 {[%clk 1:11:00]} 13. Be2 {[%clk 1:21:50]}  Nc5 {[%clk 1:11:01]} 14. O-O {[%clk 1:21:35]}  Bf5 {[%clk 1:08:24]} 15. Nb3 {[%clk 1:16:46]}  Nce4 {[%clk 1:07:50]} 16. Qd4 {[%clk 1:15:44]}  Rfe8 {[%clk 1:04:48]} 17. Ne1 {[%clk 1:02:06]}  a6 {[%clk 0:48:45]} 18. Nd3 {[%clk 1:01:47]}  Bg4 {[%clk 0:49:08]} 19. Bf3 {[%clk 0:47:11]}  Rad8 {[%clk 0:41:15]} 20. Rfd1 {[%clk 0:29:17]}  h5 {[%clk 0:30:52]} 21. Qb4 {[%clk 0:25:27]}  Rd6 {[%clk 0:20:21]} 22. Nbc5 {[%clk 0:24:48]}  a5 {[%clk 0:13:54]} 23. Qxb7 {[%clk 0:18:15]}  Qd8 {[%clk 0:13:39]} 24. Nb3 {[%clk 0:14:35]}  a4 {[%clk 0:10:00]} 25. Nd4 {[%clk 0:14:35]}  Bd7 {[%clk 0:08:07]} 26. Nc6 {[%clk 0:10:27]}  Bxc6 {[%clk 0:07:14]} 27. Rxc6 {[%clk 0:10:52]}  Rd7 {[%clk 0:07:16]} 28. Qb6 {[%clk 0:10:53]}  d4 {[%clk 0:07:11]} 29. Qxd8 {[%clk 0:10:36]}  Rdxd8 {[%clk 0:06:28]} 30. exd4 {[%clk 0:06:42]}  Rxd4 {[%clk 0:06:54]} 31. Rcc1 {[%clk 0:05:43]}  Rb8 {[%clk 0:04:21]} 32. a3 {[%clk 0:04:01]}  Rb3 {[%clk 0:03:20]} 33. Be2 {[%clk 0:03:47]}  g6 {[%clk 0:03:10]} 34. Rc2 {[%clk 0:03:53]}  Rd7 {[%clk 0:01:58]} 35. Nb4 {[%clk 0:03:33]}  Rb7 {[%clk 0:00:45]} 36. Rd4 {[%clk 0:02:47]}  Kg7 {[%clk 0:00:39]} 37. Bf3 {[%clk 0:02:11]}  Rxf3 {[%clk 0:00:38]} 38. gxf3 {[%clk 0:02:38]}  Ng5 {[%clk 0:00:53]} 39. Kg2 {[%clk 0:02:29]}  Ne6 {[%clk 0:01:02]} 40. Rdc4 {[%clk 0:02:07]}  g5 {[%clk 0:00:53]} 41. Nd3 {[%clk 0:01:54]}  Rb5 {[%clk 0:28:41]} 42. Nc5 {[%clk 0:30:52]}  Nf8 {[%clk 0:24:19]} 43. Rb4 {[%clk 0:30:50]}  Ra5 {[%clk 0:19:50]} 44. Rxa4 {[%clk 0:30:53]}  Rb5 {[%clk 0:20:10]} 45. b4 {[%clk 0:30:00]}  Rb8 {[%clk 0:20:14]} 46. Ne4 {[%clk 0:29:26]} 1-0

[Event "45th FIDE Chess Olympiad Open"]
[Site "Budapest, Hungary"]
[Date "2024.09.21"]
[Round "10"]
[White "Rodriguez Santiago, Jaime"]
[Black "Ondozi, Murtez"]
[Result "1-0"]
[Board "166"]
[WhiteFideId "3100898"]
[BlackFideId "937576"]
[WhiteTitle "FM"]
[BlackTitle "FM"]
[WhiteElo "2002"]
[BlackElo "2371"]
[WhiteTeam "Puerto Rico"]
[BlackTeam "Kosovo"]
[WhiteClock "0:19:42"]
[BlackClock "0:01:50"]
[Variant "Standard"]

1. d4 {[%clk 1:30:58]}  d5 {[%clk 1:30:54]} 2. c4 {[%clk 1:31:22]}  c6 {[%clk 1:31:21]} 3. cxd5 {[%clk 1:31:48]}  cxd5 {[%clk 1:31:47]} 4. Bf4 {[%clk 1:32:13]}  Nc6 {[%clk 1:32:11]} 5. Nc3 {[%clk 1:32:29]}  Nf6 {[%clk 1:32:14]} 6. e3 {[%clk 1:32:49]}  a6 {[%clk 1:31:57]} 7. Be2 {[%clk 1:32:36]}  Qb6 {[%clk 1:31:11]} 8. a3 {[%clk 1:29:09]}  e6 {[%clk 1:29:48]} 9. Qc2 {[%clk 1:24:25]}  Qa5 {[%clk 1:28:35]} 10. Rc1 {[%clk 1:19:57]}  Bd7 {[%clk 1:27:29]} 11. Nf3 {[%clk 1:17:25]}  Be7 {[%clk 1:24:26]} 12. O-O {[%clk 1:17:00]}  O-O {[%clk 1:23:36]} 13. Bd3 {[%clk 1:09:15]}  Rfc8 {[%clk 1:22:22]} 14. Qe2 {[%clk 1:08:00]}  b5 {[%clk 1:20:40]} 15. Nd2 {[%clk 1:02:56]}  b4 {[%clk 1:18:07]} 16. Nb3 {[%clk 1:01:16]}  Qd8 {[%clk 1:18:27]} 17. Nb1 {[%clk 1:00:53]}  Qb6 {[%clk 1:13:42]} 18. a4 {[%clk 0:53:48]}  a5 {[%clk 1:03:12]} 19. Bb5 {[%clk 0:49:14]}  Ne4 {[%clk 1:00:30]} 20. f3 {[%clk 0:45:21]}  Nd6 {[%clk 1:00:27]} 21. Nc5 {[%clk 0:45:39]}  Be8 {[%clk 1:00:18]} 22. Ba6 {[%clk 0:44:35]}  Rc7 {[%clk 0:59:30]} 23. Nd2 {[%clk 0:41:35]}  Rca7 {[%clk 0:52:47]} 24. Bd3 {[%clk 0:40:12]}  Bf8 {[%clk 0:51:56]} 25. Ndb3 {[%clk 0:39:38]}  Ne7 {[%clk 0:47:03]} 26. Rc2 {[%clk 0:38:46]}  Ng6 {[%clk 0:46:51]} 27. Bg3 {[%clk 0:38:54]}  Nf5 {[%clk 0:45:06]} 28. Bf2 {[%clk 0:38:19]}  Nd6 {[%clk 0:41:22]} 29. Rfc1 {[%clk 0:38:11]}  Be7 {[%clk 0:38:39]} 30. g3 {[%clk 0:35:42]}  Bd8 {[%clk 0:34:18]} 31. e4 {[%clk 0:32:38]}  Ne7 {[%clk 0:31:45]} 32. Nd2 {[%clk 0:30:19]}  Rc7 {[%clk 0:28:17]} 33. b3 {[%clk 0:29:31]}  Qa7 {[%clk 0:21:47]} 34. e5 {[%clk 0:25:32]}  Nb7 {[%clk 0:21:19]} 35. f4 {[%clk 0:25:28]}  Nxc5 {[%clk 0:13:38]} 36. dxc5 {[%clk 0:24:39]}  Qb7 {[%clk 0:13:03]} 37. Nf3 {[%clk 0:24:02]}  Nc6 {[%clk 0:13:05]} 38. Nd4 {[%clk 0:23:21]}  Nxd4 {[%clk 0:12:15]} 39. Bxd4 {[%clk 0:23:23]}  Bc6 {[%clk 0:12:00]} 40. h4 {[%clk 0:21:21]}  Be7 {[%clk 0:10:17]} 41. Kh2 {[%clk 0:20:05]}  Bf8 {[%clk 0:08:39]} 42. g4 {[%clk 0:18:05]}  Re8 {[%clk 0:06:55]} 43. Rf1 {[%clk 0:16:35]}  Qb8 {[%clk 0:06:26]} 44. Qe3 {[%clk 0:15:15]}  Qd8 {[%clk 0:05:35]} 45. Kg3 {[%clk 0:12:19]}  f6 {[%clk 0:29:59]} 46. Rh2 {[%clk 0:37:37]}  Rf7 {[%clk 0:29:19]} 47. Rff2 {[%clk 0:35:55]}  Qd7 {[%clk 0:27:05]} 48. Bc2 {[%clk 0:35:18]}  f5 {[%clk 0:23:52]} 49. gxf5 {[%clk 0:34:40]}  exf5 {[%clk 0:24:20]} 50. Rfg2 {[%clk 0:34:34]}  Qc8 {[%clk 0:21:01]} 51. Bd3 {[%clk 0:31:05]}  h5 {[%clk 0:13:48]} 52. Kh3 {[%clk 0:29:21]}  Qe6 {[%clk 0:11:29]} 53. Rg3 {[%clk 0:27:59]}  Qd7 {[%clk 0:07:29]} 54. Rhg2 {[%clk 0:27:36]}  Re6 {[%clk 0:06:47]} 55. Qe2 {[%clk 0:25:25]}  Rh6 {[%clk 0:03:53]} 56. Rg6 {[%clk 0:25:35]}  Rxg6 {[%clk 0:03:22]} 57. Rxg6 {[%clk 0:25:55]}  Qe8 {[%clk 0:03:52]} 58. Qxh5 {[%clk 0:25:36]}  Bxa4 {[%clk 0:01:57]} 59. bxa4 {[%clk 0:25:11]}  Qxa4 {[%clk 0:02:16]} 60. Bxf5 {[%clk 0:22:52]}  b3 {[%clk 0:02:14]} 61. Be6 {[%clk 0:17:58]}  Qxd4 {[%clk 0:00:54]} 62. Rxg7+ {[%clk 0:18:24]}  Bxg7 {[%clk 0:01:06]} 63. Qxf7+ {[%clk 0:18:49]}  Kh7 {[%clk 0:01:26]} 64. Bf5+ {[%clk 0:19:13]}  Kh6 {[%clk 0:01:50]} 65. Qg6# {[%clk 0:19:42]} 1-0